[Event "Mulhouse GM"]
[Site "Mulhouse"]
[Date "2021.06.26"]
[Round "5"]
[White "Bailet, Pierre"]
[Black "Dann, Matthias"]
[Result "1/2-1/2"]
[WhiteElo "2520"]
[BlackElo "2508"]
[PlyCount "34"]
[EventDate "2021.06.26"]
[EventType "tourn"]
[EventRounds "9"]
[EventCountry "FRA"]
[EventCategory "10"]
[SourceTitle "CBM 203 Extra"]
[Source "ChessBase"]
[SourceDate "2021.09.30"]
[SourceVersion "1"]
[SourceVersionDate "2021.09.30"]
[SourceQuality "1"]

1. e4 c5 2. Nf3 d6 3. d4 cxd4 4. Nxd4 Nf6 5. Nc3 a6 6. Nb3 Nbd7 7. g4 h6 8. h4 Ne5 9. g5 hxg5 10. Bxg5 b5 11. Bg2 b4 12. Nd5 e6 13. Nxb4 Bb7 14. Nd3 Qc7 15. Qe2 a5 16. f4 Nc4 17. c3 Nh5 1/2-1/2

[Event "Mulhouse GM"]
[Site "Mulhouse"]
[Date "2021.06.26"]
[Round "4"]
[White "Prusikin, Michael"]
[Black "Bailet, Pierre"]
[Result "1/2-1/2"]
[WhiteElo "2547"]
[BlackElo "2520"]
[PlyCount "51"]
[EventDate "2021.06.26"]
[EventType "tourn"]
[EventRounds "9"]
[EventCountry "FRA"]
[EventCategory "10"]
[SourceTitle "CBM 203 Extra"]
[Source "ChessBase"]
[SourceDate "2021.09.30"]
[SourceVersion "1"]
[SourceVersionDate "2021.09.30"]
[SourceQuality "1"]

1. e4 e5 2. Nf3 Nc6 3. Bb5 a6 4. Ba4 Nf6 5. Nc3 d6 6. Bxc6+ bxc6 7. d4 exd4 8. Qxd4 Be7 9. Bf4 0-0 10. 0-0 Nd7 11. Rad1 Nc5 12. Qe3 Bg4 13. h3 Bh5 14. g4 Bg6 15. Ne5 Qe8 16. Nd3 Ne6 17. Bg3 Bf6 18. e5 Bxd3 19. Rxd3 dxe5 20. Bxe5 Bg5 21. Qg3 f5 22. f4 Be7 23. Rd2 Rd8 24. Rff2 Qg6 25. Qf3 Bd6 26. Bxd6 1/2-1/2

[Event "FRA-chT 16 Final-A"]
[Site "Playchess.com INT"]
[Date "2021.01.17"]
[Round "11"]
[White "Bailet, Pierre"]
[Black "Bagheri, Amir"]
[Result "1-0"]
[WhiteElo "2520"]
[BlackElo "2348"]
[PlyCount "67"]
[EventDate "2021.01.16"]
[EventType "team-tourn (blitz)"]
[EventRounds "15"]
[EventCountry "FRA"]
[SourceTitle "CBM 200 Extra"]
[Source "ChessBase"]
[SourceDate "2021.03.31"]
[SourceVersion "1"]
[SourceVersionDate "2021.03.31"]
[SourceQuality "1"]
[WhiteTeam "Metz Fischer"]
[BlackTeam "Monaco"]
[WhiteTeamCountry "FRA"]
[BlackTeamCountry "MNC"]

1. e4 c6 2. Nf3 d5 3. Nc3 dxe4 4. Nxe4 Nf6 5. Qe2 Bg4 6. Nxf6+ gxf6 7. h3 Bh5 8. g3 Nd7 9. d4 e6 10. Bg2 Qa5+ 11. c3 Qb5 12. Qxb5 cxb5 13. 0-0 Nb6 14. Re1 0-0-0 15. Nd2 f5 16. Nb3 Bd6 17. Nc5 Bxc5 18. dxc5 Nd5 19. a4 b4 20. c4 Ne7 21. a5 a6 22. Ra4 Nc6 23. Bxc6 bxc6 24. Rxb4 f6 25. Bh6 e5 26. Bg7 Rhe8 27. Bxf6 Rd1 28. Rxd1 Bxd1 29. Rb6 Bf3 30. Rxa6 Kd7 31. Ra7+ Ke6 32. Re7+ Rxe7 33. Bxe7 Kxe7 34. a6 1-0

[Event "FRA-chT 16 Final-A"]
[Site "Playchess.com INT"]
[Date "2021.01.17"]
[Round "13"]
[White "Bailet, Pierre"]
[Black "Efimov, Igor"]
[Result "1/2-1/2"]
[WhiteElo "2520"]
[BlackElo "2416"]
[PlyCount "207"]
[EventDate "2021.01.16"]
[EventType "team-tourn (blitz)"]
[EventRounds "15"]
[EventCountry "FRA"]
[SourceTitle "CBM 200 Extra"]
[Source "ChessBase"]
[SourceDate "2021.03.31"]
[SourceVersion "1"]
[SourceVersionDate "2021.03.31"]
[SourceQuality "1"]
[WhiteTeam "Metz Fischer"]
[BlackTeam "Monaco"]
[WhiteTeamCountry "FRA"]
[BlackTeamCountry "MNC"]

1. e4 g6 2. d4 Bg7 3. Nf3 d6 4. Bc4 c6 5. 0-0 Nf6 6. e5 dxe5 7. dxe5 Nd5 8. Qe2 0-0 9. h3 Qb6 10. Nc3 Nxc3 11. bxc3 e6 12. Ba3 c5 13. Qe3 Nd7 14. Rad1 Qa5 15. Bc1 Nb6 16. Bd3 Nd5 17. Qg5 Qd8 18. Qd2 Qa5 19. c4 Qxd2 20. Bxd2 Ne7 21. Be4 Rb8 22. Bg5 Nc6 23. Bxc6 bxc6 24. Be7 Re8 25. Bxc5 Ba6 26. Rd4 Rb2 27. Rfd1 f6 28. exf6 Bxf6 29. Rd6 Bxc4 30. Bd4 Bxd4 31. Nxd4 Rxa2 32. Rxc6 Bd5 33. Rc7 Ra4 34. Nc6 Kf8 35. Ne5 Re7 36. Rxe7 Kxe7 37. c4 Bxc4 38. Rd7+ Ke8 39. Rxh7 Bd5 40. Nxg6 a5 41. h4 Rg4 42. h5 Rxg2+ 43. Kf1 Rg5 44. Ra7 Bc4+ 45. Ke1 Rxh5 46. Nf4 Rh4 47. Nxe6 Re4+ 48. Kd2 Rxe6 49. Rxa5 Re2+ 50. Kc3 Be6 51. f4 Kf7 52. Re5 Rf2 53. Kd4 Rxf4+ 54. Re4 Rf1 55. Re5 Kf6 56. Ra5 Rf4+ 57. Ke3 Rb4 58. Rc5 Ke7 59. Ra5 Kd6 60. Rg5 Bd5 61. Rh5 Kc5 62. Rg5 Re4+ 63. Kd3 Rf4 64. Ke3 Rf3+ 65. Ke2 Rh3 66. Rg7 Kd4 67. Rd7 Rh2+ 68. Kd1 Ke4 69. Kc1 Kd4 70. Kd1 Kc4 71. Ke1 Be4 72. Rd2 Rh1+ 73. Kf2 Kc3 74. Rd8 Rh3 75. Rd6 Rf3+ 76. Ke2 Rh3 77. Kf2 Rf3+ 78. Ke2 Kc4 79. Rd8 Ra3 80. Kf2 Bd5 81. Ke2 Kd4 82. Kd1 Ra2 83. Rd6 Ke5 84. Rd8 Be4 85. Rd2 Ra1+ 86. Ke2 Kf4 87. Rb2 Rh1 88. Kd2 Rh3 89. Ke1 Bd3 90. Kd2 Be4 91. Ke1 Ra3 92. Kd2 Kf3 93. Ke1 Re3+ 94. Kd2 Kf2 95. Kd1+ Kf3 96. Kd2 Rd3+ 97. Ke1 Rd6 98. Rf2+ Kg3 99. Rd2 Rh6 100. Ke2 Kf4 101. Kf2 Rh2+ 102. Ke1 Rh1+ 103. Kf2 Rh8 104. Ke1 1/2-1/2